Normal view
MARC view
- AISE-Associazione Insegnanti Solidarietà Educativa (a cura di)
Entry Personal Name
001 - CONTROL NUMBER
- control field: 62976
003 - CONTROL NUMBER IDENTIFIER
- control field:
005 - DATE AND TIME OF LATEST TRANSACTION
- control field: 20251219102952.0
008 - FIXED-LENGTH DATA ELEMENTS
- fixed length control field: 251219|| aca||aabn | a|a d
040 ## - CATALOGING SOURCE
- Original cataloging agency:
- Transcribing agency:
100 ## - HEADING--PERSONAL NAME
- Personal name: AISE-Associazione Insegnanti Solidarietà Educativa (a cura di)
670 ## - SOURCE DATA FOUND
- Source citation: Work cat.: ()207801: AISE-Associazione Insegnanti Solidarietà Educativa (a cura di) , Educazione alla salute: un'esperienza, 1991